000 00676nam a2200253Ia 4500
003 OSt
005 20220925215742.0
006 a|||||r|||| 00| 0
007 ta
008 220923b |||||||| |||| 00| 0 eng d
020 _a186152384X
037 _cGeneral Book
040 _aRTL
_cRTL
_beng
041 _2eng
_aeng
082 _aX:8F.1.N9, N8
100 _aWalton Peter
_9236256
245 0 _aIntgernational accounting
260 _aLondon
_bITBP
_c1998
300 _axiii,458p Bibliography chapterwise
_ccm.
650 _a Economics
650 _aAccounts
942 _hX:8F.1.N9, N8
_cGB
_2CC
999 _c569591
_d569591